00497nam a2200157Ia 4500008004100000082001800041100002400059245003500083250000800118260002900126300001000155650001200165942001200177952013500189999001500324150201s1970 xx 000 0 und d a617.5bO1970F aFARQUIHARSON , E.L. aTEXT BOOK OF OPERATIVE SURGERY a4TH bG.B.LONGMANaDELHIc1970 a1-960 aSURGERY 2ddccBK 00102ddc4070aFDbFDd2005-12-24ePANKAJ DHAWANh1iSGTUl0o617.5 O1970FpFD3456r2015-02-09 00:00:00w2012-05-11yBKkDONATED c3299d3299